[Event "Sao Paulo Seniors-ch"]
[Site "Sao Paulo"]
[Date "2015.12.12"]
[Round "5"]
[White "Baeta, Marcio Netto"]
[Black "Vallejos, Jose Adolfo"]
[Result "1/2-1/2"]
[WhiteElo "1985"]
[BlackElo "1857"]
[PlyCount "131"]
[EventDate "2015.12.10"]
[EventType "swiss"]
[EventRounds "7"]
[EventCountry "BRA"]
[SourceTitle "EXT 2017"]
[Source "ChessBase"]
[SourceDate "2016.10.25"]
[SourceVersion "1"]
[SourceVersionDate "2016.10.25"]
[SourceQuality "1"]

1. e4 c5 2. d4 cxd4 3. Nf3 Nc6 4. Nxd4 Nf6 5. Nc3 a6 6. Nxc6 dxc6 7. Qxd8+ Kxd8 8. Bf4 g6 9. 0-0-0+ Ke8 10. Bc7 Be6 11. Bb6 Bg7 12. f3 Nd7 13. Bd4 f6 14. Kb1 h5 15. Na4 Rd8 16. Bd3 b5 17. Nc5 Nxc5 18. Bxc5 Kf7 19. h4 Bh6 20. g3 Rd7 21. Be2 Rb7 22. f4 Bg7 23. Bf3 Bg4 24. Rhf1 Bxf3 25. Rxf3 b4 26. a4 bxa3 27. Bxa3 Rc8 28. Rfd3 Bf8 29. Rd8 Rcc7 30. c3 c5 31. Ra8 Rc6 32. Rdd8 Bg7 33. Kc2 c4 34. Rdc8 Rbb6 35. Rab8 a5 36. Ra8 g5 37. f5 gxh4 38. gxh4 Bh6 39. Rh8 Bg7 40. Rhd8 Bh6 41. Rd7 Bf8 42. Bxe7 Bxe7 43. Raa7 Kf8 44. Rxe7 Rd6 45. Rh7 Kg8 46. Rhc7 Rd8 47. Rxc4 Rbd6 48. Rxa5 Rd2+ 49. Kb3 Rh2 50. Rd5 Re8 51. Rc7 Rxh4 52. Rd6 Rf8 53. Rdd7 Rb8+ 54. Ka3 Ra8+ 55. Ra7 Rxa7+ 56. Rxa7 Rxe4 57. b4 h4 58. Ra8+ Kg7 59. Ra7+ Kh6 60. Rf7 Kg5 61. Rh7 Kxf5 62. b5 Kg6 63. Rh8 Kg7 64. Rd8 h3 65. Rd2 Re6 66. Kb4 1/2-1/2

[Event "Sao Paulo Cordioli Memorial"]
[Site "Sao Paulo"]
[Date "2015.09.06"]
[Round "3"]
[White "Vallejos, Jose Adolfo"]
[Black "Lima, Aine Carolina"]
[Result "1-0"]
[WhiteElo "1883"]
[BlackElo "1594"]
[PlyCount "91"]
[EventDate "2015.09.05"]
[EventType "swiss"]
[EventRounds "6"]
[EventCountry "BRA"]
[SourceTitle "EXT 2016"]
[Source "ChessBase"]
[SourceDate "2015.10.08"]
[SourceVersion "1"]
[SourceVersionDate "2015.10.08"]
[SourceQuality "1"]

1. d4 d5 2. c4 c6 3. Nc3 e6 4. Nf3 Bd6 5. g3 Nd7 6. b3 Ngf6 7. Qc2 0-0 8. Bg2 b6 9. cxd5 exd5 10. 0-0 Re8 11. Re1 Bb7 12. Bb2 Bb4 13. a3 Bxc3 14. Qxc3 Ne4 15. Qc2 c5 16. e3 Rc8 17. Qe2 Ndf6 18. Rec1 cxd4 19. Nxd4 Rxc1+ 20. Rxc1 Qd7 21. f3 Nc5 22. h4 Ne6 23. Nf5 Nc5 24. Bh3 Kf8 25. b4 Ba6 26. Qg2 Nd3 27. Nxg7 Re7 28. Nf5 Qd8 29. Rc6 Nxb2 30. Qxb2 Re6 31. Rc3 d4 32. Nxd4 Qxd4 33. exd4 Re1+ 34. Kf2 Re2+ 35. Qxe2 Bxe2 36. Kxe2 Nd5 37. Rc8+ Kg7 38. Ra8 a5 39. bxa5 bxa5 40. Rxa5 Nf6 41. Ra7 Nd5 42. Be6 Nc3+ 43. Kd3 Nb5 44. Rxf7+ Kg6 45. a4 Nd6 46. Rd7 1-0

[Event "Sao Paulo op-B 2nd"]
[Site "Sao Paulo"]
[Date "2015.02.07"]
[Round "4"]
[White "Hoshino, Meilin"]
[Black "Vallejos, Jose Adolfo"]
[Result "0-1"]
[WhiteElo "1387"]
[BlackElo "1915"]
[PlyCount "114"]
[EventDate "2015.02.05"]
[EventType "swiss"]
[EventRounds "6"]
[EventCountry "BRA"]
[SourceTitle "CBM 164 Extra"]
[Source "ChessBase"]
[SourceDate "2015.03.02"]
[SourceVersion "1"]
[SourceVersionDate "2015.03.02"]
[SourceQuality "1"]

1. d4 d5 2. c4 e5 3. dxe5 d4 4. Nf3 Nc6 5. a3 a5 6. e3 Bg4 7. Be2 dxe3 8. Qxd8+ Rxd8 9. Bxe3 Bxf3 10. Bxf3 Nxe5 11. Nd2 Nd3+ 12. Ke2 c6 13. Rab1 Nf6 14. a4 Bb4 15. Bb6 Rd7 16. Rhd1 Ne5 17. Nb3 Nxc4 18. Rxd7 Nxd7 19. Bc7 0-0 20. Bg4 Re8+ 21. Kf1 Nc5 22. Nxc5 Nd2+ 23. Kg1 Nxb1 24. Nd3 f5 25. b3 Nd2 26. Bd1 Rc8 27. Bf4 Ne4 28. Bf3 c5 29. Be3 c4 30. bxc4 Rxc4 31. Ne5 Rc3 32. g4 g6 33. gxf5 gxf5 34. Nd7 Kf7 35. h4 Ke6 36. Nb6 Be7 37. Be2 Nd6 38. Bf3 Bxh4 39. Bd5+ Ke7 40. Bf3 Rb3 41. Kg2 Ne4 42. Bxe4 fxe4 43. Nc4 Ke6 44. Nxa5 Rb4 45. Kh3 Bd8 46. Nxb7 Rxb7 47. Bd2 Kf5 48. a5 Rb3+ 49. Kg2 Ra3 50. Bb4 Ra2 51. Kg1 Bxa5 52. Bxa5 Rxa5 53. Kg2 Ra2 54. Kg3 h5 55. Kh4 Rxf2 56. Kxh5 Kf4 57. Kh4 Rh2# 0-1

[Event "Sao Paulo op-B 2nd"]
[Site "Sao Paulo"]
[Date "2015.02.07"]
[Round "3"]
[White "Vallejos, Jose Adolfo"]
[Black "De Sousa, Fabiana"]
[Result "0-1"]
[WhiteElo "1915"]
[BlackElo "1761"]
[PlyCount "80"]
[EventDate "2015.02.05"]
[EventType "swiss"]
[EventRounds "6"]
[EventCountry "BRA"]
[SourceTitle "CBM 164 Extra"]
[Source "ChessBase"]
[SourceDate "2015.03.02"]
[SourceVersion "1"]
[SourceVersionDate "2015.03.02"]
[SourceQuality "1"]

1. d4 d5 2. c4 e6 3. Nc3 Nf6 4. Nf3 Be7 5. cxd5 exd5 6. g3 c6 7. Bg2 Bf5 8. 0-0 Nbd7 9. Re1 0-0 10. Nh4 Bg4 11. Qc2 Qb6 12. Be3 Rfe8 13. f3 Be6 14. Rad1 Nf8 15. Na4 Qd8 16. Bf2 N6d7 17. Nf5 Bxf5 18. Qxf5 g6 19. Qc2 Qa5 20. a3 Ne6 21. h4 Nf6 22. Nc3 Qc7 23. e4 dxe4 24. fxe4 Ng4 25. d5 Nxf2 26. dxe6 Nxd1 27. exf7+ Kxf7 28. Qb3+ Kg7 29. Nd5 cxd5 30. Rxd1 Qb6+ 31. Qxb6 axb6 32. Rxd5 Bc5+ 33. Kh2 Rad8 34. Rg5 Rd2 35. b4 Be3 36. Rb5 Rxe4 37. Kh3 Re7 38. a4 Rd3 39. Bf1 Ra3 40. a5 Ra4 0-1

[Event "Sao Paulo Braga op"]
[Site "Sao Paulo"]
[Date "2014.08.02"]
[Round "4"]
[White "Sztokbant, Bernardo Vainzoff"]
[Black "Vallejos, Jose Adolfo"]
[Result "1-0"]
[WhiteElo "2250"]
[BlackElo "1917"]
[PlyCount "69"]
[EventDate "2014.08.01"]
[EventType "swiss"]
[EventRounds "6"]
[EventCountry "BRA"]
[SourceTitle "EXT 2016"]
[Source "ChessBase"]
[SourceDate "2015.10.08"]
[SourceVersion "1"]
[SourceVersionDate "2015.10.08"]
[SourceQuality "1"]

1. e4 c5 2. Nf3 d6 3. d4 cxd4 4. Nxd4 Nf6 5. Nc3 a6 6. Be2 g6 7. 0-0 Bg7 8. Bg5 0-0 9. Re1 b5 10. a4 b4 11. Nd5 Nxd5 12. exd5 Re8 13. a5 Qc7 14. Bf3 Bb7 15. Ra4 Qc5 16. Be3 Bxd5 17. Ne2 Bxf3 18. Bxc5 Bxe2 19. Qd5 Bb5 20. Qxa8 Bxa4 21. Bxd6 Bc6 22. Qa7 Nd7 23. Qc7 Ba4 24. Rxe7 Rxe7 25. Bxe7 Bxb2 26. Qc8+ Kg7 27. Qxa6 Bxc2 28. Bxb4 Bf5 29. Qc6 Bd4 30. Bc3 Bf6 31. Bxf6+ Nxf6 32. Qc3 g5 33. a6 Be4 34. a7 Kg6 35. Qc8 1-0

[Event "Sao Paulo Braga op"]
[Site "Sao Paulo"]
[Date "2014.08.01"]
[Round "2"]
[White "Scardini, Leonardo"]
[Black "Vallejos, Jose Adolfo"]
[Result "0-1"]
[WhiteElo "1557"]
[BlackElo "1917"]
[PlyCount "58"]
[EventDate "2014.08.01"]
[EventType "swiss"]
[EventRounds "6"]
[EventCountry "BRA"]
[SourceTitle "EXT 2016"]
[Source "ChessBase"]
[SourceDate "2015.10.08"]
[SourceVersion "1"]
[SourceVersionDate "2015.10.08"]
[SourceQuality "1"]

1. d4 d5 2. c4 e5 3. dxe5 d4 4. Nf3 Nc6 5. a3 a5 6. e3 Bc5 7. exd4 Nxd4 8. Be3 Nxf3+ 9. Qxf3 Qe7 10. Qg3 g6 11. Nc3 c6 12. Be2 Bf5 13. Rd1 Bxe3 14. Qxe3 h5 15. h3 f6 16. f4 Kf7 17. h4 Re8 18. Kf2 fxe5 19. fxe5 Qxe5 20. Qxe5 Rxe5 21. Rd8 Re8 22. Rhd1 Nf6 23. R8d6 Re5 24. Rd8 Rhe8 25. Rxe8 Kxe8 26. Bd3 Ng4+ 27. Kg1 Bxd3 28. b3 Bc2 29. Rc1 Bxb3 0-1

[Event "Bairro op"]
[Site "Bairro Buritizal"]
[Date "2014.04.13"]
[Round "6"]
[White "Vallejos, Jose Adolfo"]
[Black "Alboredo, Julia"]
[Result "0-1"]
[WhiteElo "1925"]
[BlackElo "1847"]
[PlyCount "60"]
[EventDate "2014.04.11"]
[EventType "swiss"]
[EventRounds "6"]
[EventCountry "BRA"]
[SourceTitle "CBM 160 Extra"]
[Source "ChessBase"]
[SourceDate "2014.07.01"]
[SourceVersion "1"]
[SourceVersionDate "2014.07.01"]
[SourceQuality "1"]

1. d4 Nf6 2. c4 g6 3. Nc3 Bg7 4. e4 d6 5. Bd3 Nbd7 6. f4 c5 7. d5 0-0 8. Nf3 a6 9. 0-0 Ne8 10. Qe1 e6 11. dxe6 fxe6 12. Be3 Nc7 13. Rd1 Qe7 14. Bc2 b5 15. b3 Nb6 16. e5 d5 17. cxd5 exd5 18. Ne2 d4 19. Bd2 Nbd5 20. Ng5 Ne6 21. Ne4 c4 22. bxc4 bxc4 23. Ba4 Bb7 24. Nd6 d3 25. Ng3 Ndxf4 26. Nxc4 Qc5+ 27. Ne3 Nxg2 28. Rc1 Qa7 29. Rxf8+ Rxf8 30. Kh1 Nxe3+ 0-1

[Event "BRA-ch Amateur"]
[Site "Sao Paulo"]
[Date "2014.03.03"]
[Round "5"]
[White "Vallejos, Jose Adolfo"]
[Black "Pereira, Armando Scharlau"]
[Result "1-0"]
[WhiteElo "1972"]
[BlackElo "1740"]
[PlyCount "79"]
[EventDate "2014.03.01"]
[EventType "swiss"]
[EventRounds "7"]
[EventCountry "BRA"]
[SourceTitle "EXT 2016"]
[Source "ChessBase"]
[SourceDate "2015.10.08"]
[SourceVersion "1"]
[SourceVersionDate "2015.10.08"]
[SourceQuality "1"]

1. d4 Nf6 2. Nf3 d5 3. c4 e6 4. Nc3 c6 5. Bg5 Nbd7 6. cxd5 exd5 7. e3 Be7 8. Bd3 h6 9. Bf4 0-0 10. h3 Re8 11. 0-0 Nf8 12. Ne5 Ne6 13. Bh2 Ng5 14. Qc2 Bd6 15. f4 Nge4 16. Nxe4 Nxe4 17. f5 f6 18. Ng4 Bxh2+ 19. Nxh2 Qd6 20. Rf4 Ng5 21. Qf2 Bd7 22. Rc1 c5 23. Qh4 cxd4 24. Rxd4 Qb6 25. Nf1 Bc6 26. b4 a5 27. b5 Bd7 28. Rxd5 Rad8 29. Bc4 Kh8 30. Qh5 Bc8 31. Rcd1 Qc7 32. Bb3 Qe7 33. Qg4 Rxd5 34. Bxd5 Nf7 35. Qc4 Nd6 36. Qc3 Nxf5 37. Qxa5 Qc5 38. Bf7 Rf8 39. Rd8 Nd6 40. Rxf8+ 1-0

[Event "BRA-ch Amateur"]
[Site "Sao Paulo"]
[Date "2014.03.02"]
[Round "4"]
[White "Silvestre da Silva, Sidnei"]
[Black "Vallejos, Jose Adolfo"]
[Result "0-1"]
[WhiteElo "1584"]
[BlackElo "1972"]
[PlyCount "106"]
[EventDate "2014.03.01"]
[EventType "swiss"]
[EventRounds "7"]
[EventCountry "BRA"]
[SourceTitle "EXT 2016"]
[Source "ChessBase"]
[SourceDate "2015.10.08"]
[SourceVersion "1"]
[SourceVersionDate "2015.10.08"]
[SourceQuality "1"]

1. d4 d5 2. Bf4 Nf6 3. e3 Nbd7 4. Bd3 g6 5. c3 Bg7 6. Nf3 0-0 7. Nbd2 Nh5 8. Bg5 c5 9. Qc2 b6 10. 0-0 Bb7 11. e4 c4 12. Be2 dxe4 13. Nxe4 Qc7 14. Ned2 b5 15. b3 Nb6 16. bxc4 bxc4 17. a4 a5 18. Rab1 Ba6 19. Ne4 Rfe8 20. Nc5 Nd5 21. Nxa6 Rxa6 22. Rb5 Nhf4 23. Bxf4 Nxf4 24. Rc5 Rc6 25. Rb5 e6 26. Rfb1 Rc8 27. Rb7 Qd6 28. Ra7 Ra6 29. Rbb7 Rxa7 30. Rxa7 Qb6 31. Rd7 Qc6 32. Ra7 Nxe2+ 33. Qxe2 Qxa4 34. Ng5 Rf8 35. Rc7 Qa1+ 36. Qf1 Qxc3 37. Rxc4 Qb2 38. Nf3 Bh6 39. h3 Ra8 40. Ra4 Bf8 41. Qc4 Bb4 42. Ra2 Qb1+ 43. Kh2 Bd6+ 44. g3 Qb7 45. Ng5 Rc8 46. Qf1 h6 47. Nxe6 fxe6 48. Rxa5 Qf3 49. Kg1 Ba3 50. Ra6 Qc3 51. Qb5 Qa1+ 52. Kh2 Qxd4 53. Kg2 Qd5+ 0-1

[Event "BRA-ch Amateur"]
[Site "Sao Paulo"]
[Date "2014.03.01"]
[Round "2"]
[White "Nascimento, Pedro Henrique Alve"]
[Black "Vallejos, Jose Adolfo"]
[Result "1-0"]
[WhiteElo "1855"]
[BlackElo "1972"]
[PlyCount "67"]
[EventDate "2014.03.01"]
[EventType "swiss"]
[EventRounds "7"]
[EventCountry "BRA"]
[SourceTitle "EXT 2016"]
[Source "ChessBase"]
[SourceDate "2015.10.08"]
[SourceVersion "1"]
[SourceVersionDate "2015.10.08"]
[SourceQuality "1"]

1. d4 d5 2. c4 e5 3. dxe5 d4 4. Nf3 Nc6 5. a3 a5 6. e3 Bc5 7. exd4 Nxd4 8. Be3 Nxf3+ 9. Qxf3 Qe7 10. Bxc5 Qxc5 11. Qd5 Qb6 12. Qb5+ Qxb5 13. cxb5 Nh6 14. Bc4 0-0 15. 0-0 Re8 16. Re1 Be6 17. Bxe6 Rxe6 18. Nc3 c6 19. f4 Nf5 20. Rad1 h5 21. Rd7 Rb8 22. Kf2 c5 23. Ne4 Rb6 24. a4 Rc8 25. Nd6 Nxd6 26. exd6 c4 27. Rc7 Rd8 28. d7 Kh7 29. Re8 Rxd7 30. Rxd7 Kg6 31. Red8 Kf5 32. Rd6 Rxd6 33. Rxd6 Kxf4 34. Rd7 1-0

[Event "Sao Paulo Braga Memorial 2nd"]
[Site "Sao Paulo"]
[Date "2013.07.08"]
[Round "4"]
[White "Vallejos, Jose Adolfo"]
[Black "Farias, Sergio Luiz Cardoso"]
[Result "1-0"]
[WhiteElo "2145"]
[BlackElo "1534"]
[PlyCount "87"]
[EventDate "2013.07.05"]
[EventType "swiss"]
[EventRounds "9"]
[EventCountry "BRA"]
[SourceTitle "CBM 155 Extra"]
[Source "ChessBase"]
[SourceDate "2013.08.26"]
[SourceVersion "1"]
[SourceVersionDate "2013.08.26"]
[SourceQuality "1"]

1. d4 Nf6 2. Nf3 d5 3. c4 e6 4. Nc3 c5 5. cxd5 cxd4 6. Qxd4 exd5 7. Bg5 Nc6 8. Qa4 d4 9. Rd1 Bd7 10. Nxd4 Bb4 11. Nxc6 Bxc3+ 12. bxc3 bxc6 13. e3 h6 14. Bh4 g5 15. Bg3 0-0 16. Qc2 Qc8 17. Bd3 c5 18. c4 Qc6 19. 0-0 Rae8 20. Rfe1 Bg4 21. f3 Bh5 22. Bf5 Kg7 23. Rd6 Qb7 24. Qc3 Re6 25. Bxe6 fxe6 26. Rxe6 Qd7 27. Rd6 Qe7 28. Red1 Kg8 29. Be5 Ne4 30. fxe4 Bxd1 31. Rxd1 Qf7 32. Bg3 h5 33. h4 Qg6 34. Qd3 gxh4 35. Qd5+ Kh7 36. Bxh4 Qg4 37. Be7 Rg8 38. Qf5+ Rg6 39. Qxg4 Rxg4 40. Bxc5 Rxe4 41. Bd4 Re6 42. a3 Ra6 43. Bc5 Rc6 44. Rd5 1-0